000 00846nam a2200241 a 4500
001 BRL_1052
005 20190320211019.0
008 051113s1960----mx-a######---#000-0#spa-#
041 _aspa
044 _amx
050 4 _aNK845.M5
_b.A78 1960
245 1 0 _aArtesanías de Michoacán
260 _a[México
_bs.n.
_c1960?]
300 _aVarias paginaciones
_bil. (algunas a color)
_c23 cm.
500 _aAu1203
505 0 _aContenido: El arte popular michoacano / Daniel Rubín de la Borbolla -- Las artesanías en Tiripitio / por Antonio Arriaga O.
650 1 4 _aArtesanías
_zMichoacán (México)
_925686
650 1 4 _aArte popular
_zMichoacán (México)
_925687
700 1 _aRubín de la Borbolla, Daniel
_tArte popular michoacano
_925688
700 1 _aArriaga, Antonio
_tArtesanías en Tiripitio
_925689
902 _aGRL
942 _2lcc
_cB
999 _c9864
_d9864